| 000 | 00000nam##2200000za#4500 |
| 001 | 9.603277 |
| 003 | CaOODSP |
| 005 | 20240212134142 |
| 007 | cr ||||||||||| |
| 008 | 150406|1997||||xxc|||||o f|0| 0 fre|d |
| 040 | |aCaOODSP|bfre |
| 043 | |an-cn--- |
| 086 | 1 |aNE12-3/12-1997F-PDF |
| 110 | 1 |aCanada. |bOffice national de l'énergie. |
| 245 | 13|aLa sécurité pipelinière |h[ressource électronique] |
| 260 | |aCalgary - Alberta : |bOffice national de l'énergie |cJanvier 1997. |
| 300 | |a6p. |
| 490 | 1 |aBulletin d'information |v12 |
| 500 | |aLe nº de catalogue (NE 12-3/12-1997F) et l'ISSN (0825-0189) de l'édition imprimée a été incorrectement copié dans cette édition électronique. |
| 520 | 3 |a«L’Office national de l’énergie doit veiller à ce que la construction et l’exploitation des pipelines de régie fédérale se déroulent en toute sécurité. Le présent bulletin résume le mandat confié à l’Office au chapitre de la sécurité pipelinière, de même que les pratiques et les procédures qu’il applique à cet égard.»--Aperçu, p.1 de 6. |
| 590 | |a12-11-Supp|b2012-03-27 |
| 691 | 07|aMesure de sécurité|2gcpds |
| 691 | 07|aPipeline|2gcpds |
| 775 | 08|tPipeline safety |w(CaOODSP)9.573036 |
| 776 | 0#|tLa sécurité pipelinière |w(CaOODSP)9.624197 |
| 830 | #0|aBulletin d'information ;|v12|w(CaOODSP)9.503172 |
| 856 | 40|ahttp://publications.gc.ca|qPDF|s111 Ko|uhttps://publications.gc.ca/collections/Collection/NE12-3-12-1997F.pdf|y12 |